000 00864nam a22002297a 4500
001 39070
003 BD-RjUL
005 20211209052918.0
008 160404s2002 bg ||||e |||| 00| 0 ben d
020 _a9840502396
_c: Tk. 100.00
035 _a(BD-RjUL)39181
040 _aBD-RjUL
_bben
_cBD-RjUL
_dBD-RjUL
041 _aben
082 _223
_a891.44372
_bBAA 2002
100 _aবড়ুয়া, বিপ্রদাস
_9120586
245 1 0 _aআরণ্য প্রেমকথা /
_cবিপ্রদাস বড়ুয়া,
260 _aঢাকা :
_bদি ইউনিভার্সিটি প্রেস লিমিটেড,
_c২০০২.
300 _a[৮], ৯৪ পৃ. ;
_c২২ সেমি.
650 _aবাংলা ছোটগল্প
_9120351
650 _aShort stories, Bengali
_9120352
942 _2ddc
_cBK
_01
999 _c39070
_d39070